Construcción & arquitectura / (Registro nro. 12297)

Detalles MARC
000 -LIDER
fixed length control field 00717nam a22002417a 4500
001 - NÚMERO DE CONTROL
Identificador de número de control 0205684014
003 - IDENTIFICACDOR DE NÚMERO DE CONTROL
control field DO-SdBNP
005 - DATE AND TIME OF LATEST TRANSACTION
control field 20180216103750.0
007 - CAMPOS FIJOS DE DESCRIPCIÓN FÍSICA
fixed length control field 0205684014
008 - ELEMENTOS DE LONGITUD FIJA
fixed length control field 161206b 2005 sp a ||||| |||| 00| 0 spa d
020 ## - ISBN
International Standard Book Number 8434225069
040 ## - FUENTE DE CATALOGACIÓN
Agencia que crea de manera original el registro BPMSU
Idioma de catalogación spa
Agencia que realiza la transcripción BPMSU
100 1# - ASIENTO PRINCIPAL -- NOMBRE PERSONAL
Nombre personal Rodríguez, Alícia
245 10 - MENCIÓN DE TITULO
Título Construcción & arquitectura /
Mención de responsabilidad textos y ejercicios, Alícia Rodríguez ... [et al.]
250 ## - MENCIÓN DE EDICION
Mención de edición 5ª ed.
260 ## - PUBLICACIÓN, DISTRIBUCIÓN, ETC. (PIE DE IMPRENTA)
Lugar de publicación, distribución, etc Barcelona, España :
Nombre del editor, distribuidor, etc. Parramón,
Fecha de publicación, distribución, etc 2002.
300 ## - DESCRIPCIÓN FÍSICA
Extensión 48 p. :
Otros detalles físicos il. ;
Dimensiones 29 cm.
490 1# - MENCIÓN DE SERIES
Mención de serie Pequeño ingeniero.
830 #0 - ASIENTO SECUNDARIO DE SERIE--TÍTULO UNIFORME
Título uniforme Pequeño ingeniero.
942 ## - ADDED ENTRY ELEMENTS (KOHA)
Source of classification or shelving scheme Dewey Decimal Classification
Koha item type Libros
945 ## - INFORMACIÓN DE PROCESAMIENTO LOCAL
Información de procesamiento local Inventariado, 2018/MFF
956 ## - LOCAL ELECTRONIC LOCATION AND ACCESS (OCLC)
Método de acceso LOPEREZ
Materiales especificados 10
Enlace 20161206
Campo enlazado y núm. de secuencia BPMSU
Nombre de host 00041
Existencias
Withdrawn status Lost status Source of classification or shelving scheme Damaged status Not for loan Collection code Home library Current library Date acquired Source of acquisition Total Checkouts Barcode Date last seen Price effective from Koha item type
    Dewey Decimal Classification     Colección Infantil General Biblioteca Pública Metropolitana Salomé Ureña Biblioteca Pública Metropolitana Salomé Ureña 12/06/2016 Compra   BPMSU16120143 12/06/2016 12/06/2016 Libros